| 000 | 00790nam a2200217Ii 4500 | ||
|---|---|---|---|
| 003 | JO-AjNU | ||
| 008 | 230605s9999||||xx |||||||||||||| ||und|| | ||
| 017 | _a2009/12/5177 | ||
| 020 | _a978-9957-33-206-8 | ||
| 040 |
_aJO-AjNU _bara _erda _cJO-AjNU |
||
| 041 | _aara | ||
| 050 | 1 | 4 | _aZ 678 .9 .M355 2010 |
| 100 | 3 |
_aالمالكي ، مجبل لازم مسلم , _eauthor _930240 |
|
| 245 | 0 | 0 | _a هندسة المعرفة وإدارتها في البيئة الرقمية |
| 264 | 3 | 1 | _aعمان :دار الوراق للنشر،2010 |
| 300 | _a217ص | ||
| 336 |
_atext _btxt _2rdacontent |
||
| 337 |
_aunmediated _bn _2rdamedia |
||
| 338 |
_avolume _bnc _2rdacarrier |
||
| 650 | 4 |
_aالمعارف العامة- معالجة البيانات- المكتبات الرقمية _930241 |
|
| 999 |
_aA11964 _c15532 _d15532 |
||